উচ্চতর সমাজ মনোবিজ্ঞান / (Record no. 38351)
[ view plain ]
| 000 -LEADER | |
|---|---|
| fixed length control field | 00848nam a2200241 a 4500 |
| 001 - CONTROL NUMBER | |
| control field | 38351 |
| 003 - CONTROL NUMBER IDENTIFIER | |
| rucl marc code | BD-RjUL |
| 005 - DATE AND TIME OF LATEST TRANSACTION | |
| control field | 20211209052759.0 |
| 008 - FIXED-LENGTH DATA ELEMENTS--GENERAL INFORMATION | |
| fixed length control field | 151110s2004 bg a|||| b||| 00| 0 ben d |
| 020 ## - INTERNATIONAL STANDARD BOOK NUMBER | |
| International Standard Book Number | 984829872X |
| 035 ## - SYSTEM CONTROL NUMBER | |
| System control number | (BD-RjUL)38456 |
| 040 ## - CATALOGING SOURCE | |
| Original cataloging agency | BD-RjUL |
| Language of cataloging | ben |
| Transcribing agency | BD-RjUL |
| 041 ## - LANGUAGE CODE | |
| Language code of text/sound track or separate title | ben |
| 082 ## - DEWEY DECIMAL CLASSIFICATION NUMBER | |
| Edition number | 23 |
| Classification number | 302 |
| Author mark and year | ARU 2004 |
| 100 ## - MAIN ENTRY--PERSONAL NAME | |
| Personal name | আরা, শওকত |
| 9 (RLIN) | 118523 |
| 245 ## - TITLE STATEMENT | |
| Title | উচ্চতর সমাজ মনোবিজ্ঞান / |
| Statement of responsibility, etc. | শওকত আরা |
| 260 ## - PUBLICATION, DISTRIBUTION, ETC. (IMPRINT) | |
| Place of publication, distribution, etc. | ঢাকা : |
| Name of publisher, distributor, etc. | জ্ঞান বিতরণী, |
| Date of publication, distribution, etc. | ২০০৪ |
| 300 ## - PHYSICAL DESCRIPTION | |
| Pagination | ৫৮৩ পৃ. : |
| Illustrations | চিত্র; |
| Size | ২২ সেমি. |
| 504 ## - BIBLIOGRAPHY, ETC. NOTE | |
| Bibliography, etc | গ্রন্থপঞ্জী সংযুক্ত |
| 650 ## - SUBJECT ADDED ENTRY--TOPICAL TERM | |
| Topical term or geographic name as entry element | সমাজ মনোবিজ্ঞান |
| 9 (RLIN) | 118524 |
| Topical term or geographic name as entry element | Social psychology |
| 9 (RLIN) | 118525 |
| 942 ## - ADDED ENTRY ELEMENTS (KOHA) | |
| Source of classification or shelving scheme | Dewey Decimal Classification |
| Koha item type | Books |
| Lost status | Source of classification or shelving scheme | Damaged status | Not for loan | Collection code | Permanent Location | Current Location | Shelving location | Date acquired | Source of acquisition | Cost, normal purchase price | Total Checkouts | Full call number | Date last seen | Copy number | Koha item type | Date checked out | Total Renewals |
|---|---|---|---|---|---|---|---|---|---|---|---|---|---|---|---|---|---|
| Dewey Decimal Classification | Not For Loan | Non-fiction | Central Library, University of Rajshahi | Central Library, University of Rajshahi | Reading Room | 03/04/2005 | লেখক | 400.00 | B 302 ARU 2004 | 10/11/2015 | C-1 | Books | |||||
| Dewey Decimal Classification | Non-fiction | Central Library, University of Rajshahi | Central Library, University of Rajshahi | 09/04/2008 | সংগ্রহ শাখা, কেন্দ্রীয় গ্রন্থাগার, রা. বি. | 400.00 | 2 | B 302 ARU 2004 | 20/09/2016 | C-2 | Books | 23/08/2016 | |||||
| Dewey Decimal Classification | Non-fiction | Central Library, University of Rajshahi | Central Library, University of Rajshahi | 09/04/2008 | সংগ্রহ শাখা, কেন্দ্রীয় গ্রন্থাগার, রা. বি. | 400.00 | 4 | B 302 ARU 2004 | 26/07/2018 | C-3 | Books | 18/07/2018 | |||||
| Dewey Decimal Classification | Non-fiction | Central Library, University of Rajshahi | Central Library, University of Rajshahi | 09/04/2008 | সংগ্রহ শাখা, কেন্দ্রীয় গ্রন্থাগার, রা. বি. | 400.00 | 3 | B 302 ARU 2004 | 01/12/2016 | C-4 | Books | 07/11/2016 | |||||
| Dewey Decimal Classification | Non-fiction | Central Library, University of Rajshahi | Central Library, University of Rajshahi | 03/04/2005 | লেখক | 400.00 | 10 | B 302 ARU 2004 | 15/12/2021 | C-5 | Books | 15/12/2021 | |||||
| Dewey Decimal Classification | Non-fiction | Central Library, University of Rajshahi | Central Library, University of Rajshahi | 20/03/2005 | R.U. Mises Sawkat Ara | 400.00 | 8 | B 302 ARU 2004 | 15/12/2022 | C-6 | Books | 12/12/2022 | |||||
| Dewey Decimal Classification | Non-fiction | Central Library, University of Rajshahi | Central Library, University of Rajshahi | 20/03/2005 | R.U. Mises Sawkat Ara | 400.00 | 6 | B 302 ARU 2004 | 08/12/2019 | C-7 | Books | 28/10/2019 | 1 |